00501nam a2200145Ia 4500008004100000041000800041082001400049100001600063245004500079260004500124300003100169365001100200999001700211952012700228240624s9999 xx 000 0 und d aeng a658.4 TRI aTRICKER BOB aCORPORATE GOVERNANCE PRINCIPLES POLICIES c2009aNew DelhibOxford University press axvi, : 431 : p. : cm. ; 24 cRSb30 c14566d14566 00104070aIMTNbIMTNcRack 28-Ad2010-02-24ePSBEg365.00n776o658.4 TRIp14566r2024-06-24 00:00:00t1w2024-06-24yBK